| 000 | 01746nam0a2200325 4500 | ||
|---|---|---|---|
| 001 | RU\NLR\bibl\1511962 | ||
| 005 | 20260407180148.0 | ||
| 010 |
_a978-5-295-05017-6 _92300 |
||
| 021 |
_aRU _b2010-25384 _91708 |
||
| 035 | _a(NLR Aleph) 001503356 | ||
| 090 |
_a1799547 _c1799547 |
||
| 100 | _a20100517d2010 |||y0rusy50 ca | ||
| 101 | 0 | _arus | |
| 102 | _aRU | ||
| 105 | _aa ||||||||| | ||
| 200 | 1 |
_aСтатистика Башкортостана _e175 лет на службе обществу _eбиблиографический справочник _fТеррит. орган федер. службы гос. статистики по респ. Башкортостан (Башкортостанстат) _g[сост.: Р.Ш. Гатауллин _gредкол.: А.М. Ганиев (пред.) и др.] |
|
| 210 |
_aУфа _cКитап _d2010 |
||
| 215 |
_a311 с., [16] л. цв. ил., факс. _cил., портр. _d25 |
||
| 607 |
_aБашкортостан, Республика _jБиблиография _xНародное хозяйство _xСтатистика _92225609 _3RU\NLR\auth\661336104 |
||
| 686 | _aУ03(2Р-6Б)-05я1 | ||
| 686 | _aУ051.9(2Р-6Б)я1 | ||
| 702 | 1 |
_aГатауллин _bР. Ш. _gРустам Шакирьянович _4220 |
|
| 702 | 1 |
_aГаниев _bА. М. _gАкрам М _4340 |
|
| 712 | 0 | 1 |
_4570 _aРоссийская Федерация _bФедеральная служба государственной статистики _bТерриториальный орган по Республике Башкортостан _3RU\NLR\AUTH\8810114395 _9728152 |
| 801 | 0 |
_aRU _bNLR _c20100517 _gRCR |
|
| 801 | 1 |
_aRU _bNLR _c20100517 |
|
| 830 | _aпо кн | ||
| 942 | _cBOOK | ||
| 980 | _aNB | ||